00710nam a2200205Ia 4500952016300000999001700163003000400180005001700184008004100201020001800242040000900260082002100269100003200290245005100322250001200373260004900385300000900434650001300443942004800456 00102ddc40708BIOGRAPHIESaMESbMEScBIOGRAPHIESd2019-02-20g265.00l3m4o891.46871 LIM/Op39361r2023-09-04 14:30:04s2023-07-27w2019-02-20yBKzGL35R3 c14911d14911OSt20201020132428.0190216s9999||||xx |||||||||||||| ||und|| a9780195694062 coclc a891.46871bLIM/O aLimbale, Sharankumar 91759 0aThe Outcaste Akkarmashi /cSharankumar Limbale a2nd Ed. bOxford University Press ,c2008.aNew Delhi: a121p aBiogaphy cBK2ddch891.46871iLIM/Ok891.46871mLIM/O